| 000 | 00392cam a2200157ua 4500 | ||
|---|---|---|---|
| 020 | _a81 224 0129 5 | ||
| 041 |
_aeng _h |
||
| 082 |
_a660.6 _bKES/BI |
||
| 100 | _aKesav, Trehan . | ||
| 245 |
_aBiotechnology / _cKesav Trehan. _hTextual Documents |
||
| 260 |
_aNew Delhi : _bNew Age International Ltd , _c2001. |
||
| 300 | _a286 ; . | ||
| 504 | _a | ||
| 942 | _cBK | ||
| 999 |
_c10422 _d10422 |
||